<?xml version="1.0" encoding="UTF-8"?>
<record
    xmlns:xsi="http://www.w3.org/2001/XMLSchema-instance"
    xsi:schemaLocation="http://www.loc.gov/MARC21/slim http://www.loc.gov/standards/marcxml/schema/MARC21slim.xsd"
    xmlns="http://www.loc.gov/MARC21/slim">

  <leader>00620nam a22001457a 4500</leader>
  <controlfield tag="008">190601b        xxu||||| |||| 00| 0 eng d</controlfield>
  <datafield tag="020" ind1=" " ind2=" ">
    <subfield code="a">1560987049</subfield>
  </datafield>
  <datafield tag="082" ind1=" " ind2=" ">
    <subfield code="a">709.04</subfield>
    <subfield code="b">O438i</subfield>
  </datafield>
  <datafield tag="100" ind1=" " ind2=" ">
    <subfield code="a">Nicolas De Oliveira et all.</subfield>
    <subfield code="9">7066</subfield>
  </datafield>
  <datafield tag="245" ind1=" " ind2=" ">
    <subfield code="a">Installation Art</subfield>
  </datafield>
  <datafield tag="260" ind1=" " ind2=" ">
    <subfield code="a">Estados Unidos de Am&#xE9;rica</subfield>
    <subfield code="b">Smithsonian Institution Press</subfield>
    <subfield code="c">1996</subfield>
  </datafield>
  <datafield tag="300" ind1=" " ind2=" ">
    <subfield code="a">208 p.</subfield>
    <subfield code="b">ill (col).</subfield>
    <subfield code="c">27,5 x 23 cm</subfield>
  </datafield>
  <datafield tag="505" ind1=" " ind2=" ">
    <subfield code="t">Preface</subfield>
    <subfield code="t">Foreword</subfield>
    <subfield code="t">Towards Installation</subfield>
    <subfield code="t">THE PLATES: Site / MEdia / Museum / Architecture</subfield>
    <subfield code="t">Notes on the text</subfield>
    <subfield code="t">Chronology</subfield>
    <subfield code="t">Bibliography</subfield>
    <subfield code="t">List of illustrations</subfield>
    <subfield code="t">Index</subfield>
  </datafield>
  <datafield tag="650" ind1=" " ind2=" ">
    <subfield code="2">Arte contempor&#xE1;neo</subfield>
    <subfield code="v">Arte - instalaciones</subfield>
    <subfield code="9">7067</subfield>
  </datafield>
  <datafield tag="999" ind1=" " ind2=" ">
    <subfield code="c">1799</subfield>
    <subfield code="d">1799</subfield>
  </datafield>
  <datafield tag="952" ind1=" " ind2=" ">
    <subfield code="0">0</subfield>
    <subfield code="1">0</subfield>
    <subfield code="2">ddc</subfield>
    <subfield code="4">0</subfield>
    <subfield code="7">0</subfield>
    <subfield code="a">LV</subfield>
    <subfield code="b">LV</subfield>
    <subfield code="c">Colectivas</subfield>
    <subfield code="d">2019-06-01</subfield>
    <subfield code="l">0</subfield>
    <subfield code="o">709.04 O438i</subfield>
    <subfield code="p">001526</subfield>
    <subfield code="r">2019-06-01 00:00:00</subfield>
    <subfield code="w">2019-06-01</subfield>
    <subfield code="y">01</subfield>
  </datafield>
</record>
